Euskadi 2: Gipuzkoako geografia - Estadísticas

Estadísticas generales
  • Esta prueba ha sido intentada 41 veces
  • La puntuación promedio es 11 de 20
Estadísticas de respuestas
Pregunta Respuesta % Correcto
Hurrengo udalerrietatik, zeinek dauka kostaldea? Zumaiak
100%
Zein da Gipuzkoako udalerririk iparraldekoena? Hondarribia
93%
Hauetako zein EZ da ohituran Pasaia banatzen den herri bat? Pasai Estu
86%
Hurrengo udalerrietatik, zein EZ dago Goierrian? Albiztur
82%
Zein da hiritar gutxien dauzkan Gipuzkoako udalerria? (2022ko datuak) Orexa
68%
Zein udalerritik pasatuko zinateke Ordiziako udaletxetik Amezketako udaletxera autoz joaterakoan? Zaldibiatik
61%
Zein da Gipuzkoako udalerririk mendebaldekoena? Leintz-Gatzaga
57%
Zein udalerritan dago Udalaitz edo Udalatx mendia? Arrasaten
54%
Zein udalerritan dago Gipuzkoako mendirik altuena? Zegaman
54%
Zein udalerritan isurtzen ditu bere urak Leitzaran ibaiak Urola ibaira? Andoainen
50%
Hurrengo udalerrietatik, zeinek EZ dauka mugarik Irurarekin? Hernialdek
50%
Hurrengo udalerrietatik, zeinetan EZ dago ospitalerik? Zarautzen
50%
Hurrengo udalerri multzoetatik, zeintzuk dira mugakideak Antzuolarekin? Bergara, Azkoitia, Zumarraga, Urretxu, Legazpi eta Oñati
46%
Zein udalerrietatik dabil Urumea ibaia? Hernani, Urnieta, Astigarraga eta Donostia
46%
Gipuzkoako zein udalerrietan dago Ibai-Eder urtegia? Beizaman eta Azpeitian
43%
Hurrengo udalerrietatik, zeinetan EZ dago suhiltzaile-parkerik? Hondarribin
43%
Hurrengo udalerrietatik, zeinek EZ dauka mugarik Astigarragarekin? Oiartzunek
43%
Beasainen ez ezik, zein udalerritan edo udalerrietan dago kokatuta CAF enpresaren industria? Ordizian eta Lazkaon
39%
Hurrengo udalerrietatik, zeintzuk dira mugakideak? Orexa eta Lizartza
36%
Zein da Gipuzkoako bigarren udalerririk zabalena? Bergara
14%
No se encontraron pruebas coincidentes
Distribución de puntuación
Porcentaje de gente con cada puntuación
Porcentaje por número respondido
Historial de tus puntuaciones
No has intentado esta prueba.